Every UEFA Europa League Goalscorer 2021/22 - Statistics

General Stats
  • This quiz has been taken 37 times
    21 since last reset
  • The average score is 50 of 213
Answer Stats
Team Goals scored Nationality Player % Correct
Olympique Marseille 4 Polish Arkadiusz Milik
77%
Barcelona 2 Gabonese Pierre-Emerick Aubameyang
77%
RB Leipzig 1 Portuguese André Silva
69%
Leicester 1 Spanish Ayoze Pérez
69%
RB Leipzig 3 French Christopher Nkunku
69%
Borussia Dortmund 1 Dutch Donyell Malen
69%
Barcelona 1 Dutch Frenkie de Jong
69%
Borussia Dortmund 2 English Jude Bellingham
69%
Leicester 5 Zambian Patson Daka
69%
Napoli 4 Nigerian Victor Osimhen
69%
Real Sociedad 2 Swedish Alexander Isak
62%
Rangers 4 Colombian Alfredo Morelos
62%
West Ham 2 Ukrainian Andriy Yarmolenko
62%
Lazio 4 Italian Ciro Immobile
62%
Eintracht Frankfurt 4 Japanese Daichi Kamada
62%
RB Leipzig 2 Swedish Emil Forsberg
62%
Barcelona 1 Spanish Ferran Torres
62%
Sevilla 1 Croatian Ivan Rakitić
62%
Leicester 1 English James Maddison
62%
West Ham 3 English Jarrod Bowen
62%
Celtic 2 Portuguese Jota
62%
West Ham 1 Jamaican Michail Antonio
62%
Barcelona 1 Spanish Pedri González
62%
West Ham 3 Algerian Saïd Benrahma
62%
West Ham 1 Czech Tomáš Souček
62%
West Ham 3 English Declan Rice
54%
Napoli 1 Belgian Dries Mertens
54%
Napoli 4 North Macedonian Eljif Elmas
54%
Bayer Leverkusen 3 German Florian Wirtz
54%
Napoli 1 Mexican Hirving Lozano
54%
Olympique Lyon 7 Cameroonian Karl Toko Ekambi
54%
Monaco 2 German Kevin Volland
54%
Porto 1 Iranian Mehdi Taremi
54%
Fenerbahçe 1 German Mesut Özil
54%
Real Sociedad 3 Spanish Mikel Oyarzabal
54%
Bayer Leverkusen 4 French Moussa Diaby
54%
Napoli 2 Polish Piotr Zieliński
54%
Borussia Dortmund 1 Portuguese Raphaël Guerreiro
54%
Barcelona 1 Spanish Sergio Busquets
54%
RB Leipzig 1 Hungarian Willi Orban
54%
Real Sociedad 2 Norwegian Alexander Sørloth
46%
Olympique Marseille 1 Turkish Cengiz Ünder
46%
Bayer Leverkusen 1 Chilean Charles Aránguiz
46%
Eintracht Frankfurt 3 Serbian Filip Kostić
46%
Barcelona 1 Spanish Gerard Piqué
46%
Olympique Lyon 2 French Houssem Aouar
46%
Rangers 6 English James Tavernier
46%
Atalanta 3 Colombian Luis Muriel
46%
Real Betis 2 French Nabil Fekir
46%
Lazio 1 Spanish Pedro Rodríguez
46%
Rangers 1 English Ryan Kent
46%
Leicester 1 Nigerian Wilfred Ndidi
46%
Real Sociedad 1 Belgian Adnan Januzaj
38%
Olympique Marseille 1 French Dimitri Payet
38%
PSV Eindhoven 1 Israeli Eran Zahavi
38%
Lazio 1 Brazilian Felipe Anderson
38%
Rangers 1 Romanian Ianis Hagi
38%
Leicester 1 Northern Irish Jonny Evans
38%
Barcelona 1 Spanish Jordi Alba
38%
Celtic 2 Japanese Kyogo Furuhashi
38%
Napoli 2 Italian Lorenzo Insigne
38%
Bayer Leverkusen 1 Ecuadorian Piero Hincapié
38%
Atalanta 3 Ukrainian Ruslan Malinovskiy
38%
Leicester 1 Ghanaian Daniel Amartey
31%
Fenerbahçe 1 Ecuadorian Enner Valencia
31%
Bayer Leverkusen 1 Argentinian Exequiel Palacios
31%
Leicester 1 English Harvey Barnes
31%
West Ham 1 French Issa Diop
31%
Sevilla 1 Argentinian Lucas Ocampos
31%
Olympique Lyon 2 Brazilian Lucas Paquetá
31%
Zenit 1 Brazilian Malcom
31%
PSV Eindhoven 1 German Mario Götze
31%
West Ham 1 English Mark Noble
31%
Barcelona 1 Dutch Memphis Depay
31%
Dinamo Zagreb 4 Croatian Mislav Oršić
31%
Eintracht Frankfurt 2 Colombian Rafael Borré
31%
Real Sociedad 1 French Robin Le Normand
31%
Sheriff Tiraspol 1 Luxembourgish Sébastien Thill
31%
Monaco 1 French Sofiane Diop
31%
Olympiacos 3 Moroccan Youssef El-Arabi
31%
Napoli 2 Algerian Adam Ounas
23%
Real Betis 1 Mexican Andrés Guardado
23%
Zenit 1 Russian Artem Dzyuba
23%
Atalanta 2 Albanian Berat Djimsiti
23%
Real Betis 4 Spanish Borja Iglesias
23%
PSV Eindhoven 1 Dutch Cody Gakpo
23%
West Ham 2 English Craig Dawson
23%
PSV Eindhoven 1 Ivorian Ibrahima Sangaré
23%
Atalanta 1 Danish Joakim Mæhle
23%
Rangers 2 Jamaican Kemar Roofe
23%
Leicester 1 English Kiernan Dewsbury-Hall
23%
Dinamo Zagreb 1 Serbian Komnen Andrić
23%
Napoli 2 Italian Matteo Politano
23%
Real Sociedad 1 Spanish Mikel Merino
23%
Bayer Leverkusen 3 German Robert Andrich
23%
Rangers 1 Scottish Scott Wright
23%
Real Betis 1 Brazilian Willian José
23%
Sheriff Tiraspol 1 Malian Adama Traoré
15%
Dinamo Zagreb 3 Croatian Bruno Petković
15%
Eintracht Frankfurt 1 Swiss Djibril Sow
15%
Eintracht Frankfurt 2 Portuguese Gonçalo Paciência
15%
Rangers 2 Nigerian Leon Balogun
15%
Bayer Leverkusen 1 Argentinian Lucas Alario
15%
Sporting Braga 1 Spanish Mario González
15%
Real Sociedad 1 Spanish Martín Zubimendi
15%
Lazio 1 Italian Mattia Zaccagni
15%
Royal Antwerp 2 Tanzanian Mbwana Samatta
15%
Olympique Lyon 1 French Moussa Dembélé
15%
Genk 1 Nigerian Paul Onuachu
15%
Spartak Moskva 2 Dutch Quincy Promes
15%
Real Betis 1 Spanish Sergio Canales
15%
Galatasaray 2 Algerian Sofiane Feghouli
15%
Lazio 1 Croatian Toma Bašić
15%
Porto 2 Spanish Toni Martínez
15%
Monaco 1 French Youssouf Fofana
15%
Sparta Praha 1 Czech Adam Hložek
8%
Galatasaray 1 Romanian Alexandru Cicâldău
8%
Sporting Braga 1 Libyan Ali Al Musrati
8%
Eintracht Frankfurt 1 French Almamy Touré
8%
Bayer Leverkusen 1 French Amine Adli
8%
Sevilla 1 French Anthony Martial
8%
PSV Eindhoven 1 Portuguese Bruma
8%
Real Betis 2 Spanish Christian Tello
8%
Lazio 1 Italian Danilo Cataldi
8%
Celtic 1 Scottish Ewan Henderson
8%
Lokomotiv Moskva 1 Guinean François Kamano
8%
Olympiacos 2 Greek Giorgios Masouras
8%
Real Betis 1 Argentinian Guido Rodríguez
8%
Olympique Lyon 3 Algerian Islam Slimani
8%
Eintracht Frankfurt 1 Norwegian Jens Petter Hauge
8%
Atalanta 1 Ivorian Jeremie Boga
8%
Rangers 1 English John Lundstram
8%
Celtic 2 Croatian Josip Juranović
8%
Real Betis 1 Spanish Juan Miranda
8%
Galatasaray 1 Turkish Kerem Aktürkoğlu
8%
Monaco 1 Senegalese Krépin Diatta
8%
Dinamo Zagreb 1 Bosnian Luka Menalo
8%
Galatasaray 1 Brazilian Marcão Teixeira
8%
Porto 1 Colombian Mateus Uribe
8%
Fenerbahçe 1 German Max Meyer
8%
Fenerbahçe 2 German Mërgim Berisha
8%
Fenerbahçe 1 Turkish Mert Hakan Yandaş
8%
Sevilla 1 Moroccan Munir El Haddadi
8%
Bayer Leverkusen 1 German Nadiem Amiri
8%
Olympiacos 1 Moldovan Oleg Reabciuk
8%
Lazio 1 Spanish Patric Gabarrón
8%
Porto 1 Brazilian Pepê
8%
PSV Eindhoven 1 German Philipp Max
8%
Royal Antwerp 1 Belgian Radja Nainggolan
8%
Olympique Lyon 2 French Rayan Cherki
8%
Sporting Braga 4 Portuguese Ricardo Horta
8%
Ferencváros 1 Moroccan Ryan Mmaee
8%
Eintracht Frankfurt 1 Dutch Sam Lammers
8%
Olympique Lyon 1 French Tanguy Ndombélé
8%
Sporting Braga 1 Portuguese Vitinha
8%
Sporting Braga 3 Spanish Abel Ruiz
0%
Ferencváros 1 Tunisian Aïssa Laïdouni
0%
Celtic 1 Swiss Albian Ajeti
0%
Crvena Zvezda 2 Serbian Aleksandar Katai
0%
Spartak Moskva 4 Russian Aleksandr Sobolev
0%
Eintracht Frankfurt 1 German Ansgar Knauff
0%
Celtic 1 Scottish Anthony Ralston
0%
Monaco 2 French Axel Disasi
0%
PSV Eindhoven 1 Brazilian Carlos Vinícius
0%
Rapid Wien 1 Austrian Christoph Knasmüllner
0%
Sporting Braga 1 Portuguese David Carmo
0%
Sparta Praha 2 Slovakian Dávid Hancko
0%
Celtic 2 Scottish David Turnbull
0%
Crvena Zvezda 1 Comorian El Fardou Ben Mohamed
0%
Midtjylland 1 Danish Erik Sviatchenko
0%
Midtjylland 2 Brazilian Evander
0%
Lokomotiv Moskva 1 English Faustino Anjorin
0%
Legia Warszawa 1 Serbian Filip Mladenović
0%
Sporting Braga 6 Brazilian Galeno
0%
Crvena Zvezda 1 Gabonese Guélor Kanga
0%
Midtjylland 2 Danish Gustav Isaksen
0%
Ludogorets 1 Ukrainian Ihor Plastun
0%
Genk 1 Canadian Ike Ugbo
0%
Sporting Braga 2 Portuguese Iuri Medeiros
0%
Sturm Graz 2 Austrian Jakob Jantscher
0%
Sturm Graz 1 Slovenian Jon Gorenc Stanković
0%
Spartak Moskva 1 Swedish Jordan Larsson
0%
Genk 1 Ghanaian Joseph Paintsil
0%
Dinamo Zagreb 1 Croatian Josip Šutalo
0%
Real Betis 2 Spanish Juanmi Jiménez
0%
Ludogorets 1 Bulgarian Kiril Despodov
0%
Sparta Praha 1 Czech Ladislav Krejčí
0%
Celtic 1 Israeli Liel Abada
0%
Legia Warszawa 1 Kosovan Lirim Kastrati
0%
Dinamo Zagreb 1 Croatian Luka Ivanušec
0%
Sparta Praha 2 Slovakian Lukáš Haraslín
0%
Legia Warszawa 2 Azeri Mahir Emreli
0%
Rapid Wien 1 Austrian Marco Grüll
0%
Rapid Wien 1 Austrian Max Hoffman
0%
Royal Antwerp 1 Belgian Michel Ange Balikwisha
0%
Brøndby 1 Danish Mikael Uhre
0%
Spartak Moskva 1 Russian Mikhail Ignatov
0%
Crvena Zvezda 1 Serbian Milan Rodić
0%
Crvena Zvezda 3 Montenegrin Mirko Ivanić
0%
Monaco 1 Dutch Myron Boadu
0%
Ferencváros 2 Albanian Myrto Uzuni
0%
Midtjylland 1 Danish Nikolas Dyhr
0%
Ferencváros 1 Ukrainian Oleksandr Zubkov
0%
Royal Antwerp 1 Belgian Peter Gerkens
0%
Ludogorets 1 Cypriot Pieros Sotiriou
0%
Rapid Wien 1 Austrian Robert Ljubičić
0%
Galatasaray 1 Dutch Ryan Babel
0%
Celtic 1 Scottish Stephen Welsh
0%
Olympiacos 3 Brazilian Tiquinho Soares
0%
Spartak Moskva 1 Nigerian Victor Moses
0%
PSV Eindhoven 1 Belgian Yorbe Vertessen
0%
Spartak Moskva 1 Russian Zelimkhan Bakaev
0%
No matching quizzes found
Score Distribution
Percent of People with Each Score
Percentile by Number Answered
Your Score History
You have not taken this quiz since the last reset